Szczegóły MARC21

W kręgu niepełnosprawności - teoretyczne i praktyczne aspekty poszukiwań w pedagogice specjalnej /

003 -Nazwa inst., której nr kontr. jest w polu 001 [,]
    • @
    • Nazwa instytucji, której n kontrolny jest w polu 001
    • NUKAT
005 -DATA I CZAS OSTATNIEJ MODYFIKACJI [,]
    • @
    • pole kontrolne
    • 20241231090322.0
020 -Międzynarod. znormalizowany nr książki - ISBN [ , ]
    • a
    • Numer ISBN
    • 9788360903834 Find
040 -Instytucja sporządzająca opis [ , ]
    • a
    • Instytucja, która sporządziła opis (NP)
    • SZCZ M/WM
    • b
    • Język katalogowania
    • pol
    • e
    • Zasady katalogowania
    • rda
    • c
    • Instytucja, która sporządziła rekord (NP)
    • SZCZ M/WM
    • d
    • Instytucja, która zmodyfikowała rekord (P)
    • TOR U/GKs
    • d
    • Instytucja, która zmodyfikowała rekord (P)
    • SZCZ M/WM
    • d
    • Instytucja, która zmodyfikowała rekord (P)
    • WA M/ES
    • d
    • Instytucja, która zmodyfikowała rekord (P)
    • SZCZ U/JS
942 -Rodzaj dokumentu [ , ]
    • c
    • Rodzaj dokumentu
    • Książka
245 -Strefa tytułu i oznaczenia odpowiedzialności [0,0]
    • a
    • Tytuł
    • W kręgu niepełnosprawności - teoretyczne i praktyczne aspekty poszukiwań w pedagogice specjalnej / Find
    • c
    • Pozostałe elementy strefy tytułu i oznaczenia odpowiedzialności (NP)
    • redakcja naukowa Teresa Żółkowska, Lilianna Konopska ; Uniwersytet Szczeciński. Katedra Pedagogiki Specjalnej.
260 -Strefa adresu wydawniczego [ , ]
    • a
    • Miejsce wydania (P)
    • Szczecin :
    • b
    • Nazwa wydawcy (P)
    • Print Group Daniel Krzanowski,
    • c
    • Data wydania (P)
    • 2009.
300 -Strefa opisu fizycznego [ , ]
    • a
    • Określenie formy książki i/lub objętość (NP)
    • 610 stron :
    • b
    • Oznaczenie ilustracji (NP)
    • ilustracje ;
    • c
    • Format (NP)
    • 24 cm.
336 -Typ zawartości [ , ]
    • a
    • Termin opisujący typ zawartości
    • Tekst
    • b
    • Kod określający zawartość
    • txt
    • 2
    • Źródło (terminu i kodu)
    • rdacontent
337 -Typ mediów [ , ]
    • a
    • Tryb odtwarzania
    • Bez urządzenia pośredniczącego
    • b
    • Kod typu mediów
    • n
    • 2
    • Źródło (terminu i kodu)
    • rdamedia
338 -Typ/rodzaj nośnika [ , ]
    • a
    • Hasło opisujące typ nośnika
    • Wolumin
    • b
    • Kod typu nośnika
    • nc
    • 2
    • Źródło (terminu i kodu)
    • rdacarrier
490 -Strefa serii i książki wielotomowej - forma nie do wyszukiwania [1, ]
    • a
    • Tytuł (P)
    • Dylematy Pedagogiki Specjalnej. Pedagogika Specjalna - Koncepcje i Rzeczywistość ; Find
    • v
    • Numeracja (P)
    • t. 5
830 -Hasło dodatkowe serii i opisu książki wielotomowej - tytuł ujednolicony/tytuł [ ,0]
    • a
    • Tytuł ujednolicony/tytuł (NP)
    • Dylematy Pedagogiki Specjalnej.
    • p
    • Nazwa części/podserii/sekcji (P)
    • Pedagogika Specjalna - Koncepcje i Rzeczywistość
    • x
    • ISSN
    • 2082-8659
    • v
    • Oznaczenie tomu (NP)
    • t. 5
    • 9
    • KHW
    • 78483
500 -Uwaga ogólna [ , ]
    • a
    • Uwaga ogólna (NP)
    • Na grzbiecie oznaczenie jako tom 6.
500 -Uwaga ogólna [ , ]
    • a
    • Uwaga ogólna (NP)
    • Na dokumencie zbędny ISSN 1897-1857, związany z poprzednim tytułem serii: Konteksty Pedagogiki Specjalnej.
504 -Uwaga dot. bibliogr. załącznikowej [ , ]
    • a
    • Uwaga dot. bibliografii załącznikowej
    • Bibliografia przy pracach.
536 -Uwaga dot. finansowania książki [ , ]
    • a
    • Tekst uwagi
    • Publikacja dofinansowana ze środków Urzędu Marszałkowskiego Województwa Zachodniopomorskiego
080 -Uniwersalna Klasyfikacja Dziesiętna [ , ]
    • 2
    • Identyfikator wydania tablic
    • UDC-P058
    • 9
    • UKD
    • 3914
    • a
    • Symbol klasyfikacji
    • 376
    • b
    • Dopowiedzenie
    • Wychowanie, kształcenie i nauczanie specjalnych kategorii osób. Szkolnictwo specjalne. Rewalidacja.
    • 4
    • UKD2
    • 8124
    • x
    • Poddział wspólny
    • (082.1)
    • c
    • Dopowiedzenie poddz. wspólnego
    • (Zbiory prac różnych autorów. Księgi pamiątkowe).
650 -Hasło przedmiotowe [ ,7]
    • a
    • Hasło przedmiotowe
    • Osoby z niepełnosprawnością.
    • 2
    • Źródło terminu
    • kaba
    • 9
    • KHW
    • 121388
650 -Hasło przedmiotowe [ ,7]
    • a
    • Hasło przedmiotowe
    • Pedagogika specjalna.
    • 2
    • Źródło terminu
    • kaba
    • 9
    • KHW
    • 123418
980 -Symbol UKD [ , ]
    • a
    • UKD
    • 376(082.1)
700 -Hasło dodatkowe - nazwa osobowa [1, ]
    • a
    • Nazwa osobowa (NP)
    • Żółkowska, Teresa. Find
    • e
    • Określenie rodzaju współpracy
    • Redakcja
    • 9
    • KHW
    • 1452
700 -Hasło dodatkowe - nazwa osobowa [1, ]
    • a
    • Nazwa osobowa (NP)
    • Konopska, Lilianna. Find
    • e
    • Określenie rodzaju współpracy
    • Redakcja
    • 9
    • KHW
    • 47163
710 -Hasło dodatkowe - nazwa ciała zbiorowego [2, ]
    • a
    • Nazwa ciała zbiorowego lub nazwa geograficzna jako pierwszy element (NP)
    • Print Group Daniel Krzanowski.
    • e
    • Rodzaj współpracy
    • Wydawca
    • 4
    • Kod relacji
    • pbl
    • 9
    • KHW
    • 78496
710 -Hasło dodatkowe - nazwa ciała zbiorowego [2, ]
    • a
    • Nazwa ciała zbiorowego lub nazwa geograficzna jako pierwszy element (NP)
    • Uniwersytet Szczeciński.
    • b
    • Nazwa jednostki podrzędnej (P)
    • Katedra Pedagogiki Specjalnej.
    • e
    • Rodzaj współpracy
    • Instytucja sprawcza
    • 9
    • KHW
    • 447076
920 -ISBN [ , ]
    • a
    • ISBN
    • 978-83-60903-83-4 Find
Data inwentaryzacji Lokalizacja Status udost. Numer inwentarzowy
2018-02-23BG1Z.122707
2018-02-23BG-3WM.20959
2012-08-06BNS-3H.22562